书目信息 |
| 题名: |
我的父亲毛泽东
|
|
| 作者: | 李敏 著 ;王桂苡 执笔 | |
| 分册: | ||
| 出版信息: | 沈阳 辽宁人民出版社 2000 |
|
| 页数: | 429页 | |
| 开本: | 20cm | |
| 丛书名: | 父辈丛书 | |
| 单 册: | ||
| 中图分类: | A752 | |
| 科图分类: | ||
| 主题词: | 毛泽东--生平事迹 , 毛泽东--传记 | |
| 电子资源: | ||
| ISBN: | 7-205-03878-2 | |
| 000 | 00673nam0 2200241 45 | |
| 001 | 0309301158 | |
| 005 | 20031219104119.3 | |
| 010 | @a7-205-03878-2@dCNY24.80 | |
| 100 | @a20030930d2000 km y0chiy0120 ea | |
| 101 | 0 | @achi |
| 105 | @aa z 000yy | |
| 200 | 1 | @a我的父亲毛泽东@AWo De Fu Qin Mao Ze Dong@f李敏著@FLi Min Zhu@g王桂苡执笔 |
| 210 | @a沈阳@c辽宁人民出版社@d2000 | |
| 215 | @a429页@c照片@d20cm | |
| 225 | @a父辈丛书 | |
| 410 | @12001 @a父辈丛书 | |
| 606 | 0 | @a毛泽东@x生平事迹 |
| 606 | 0 | @a毛泽东@x传记 |
| 690 | @aA752@v4 | |
| 701 | 0 | @a李敏@4著 |
| 702 | 0 | @a王桂苡@AWang Gui Yi@4执笔 |
| 801 | @aCN@bTSTC@c20030930 | |
| 905 | @b326604-608@dA752@e106@f5 | |
| 我的父亲毛泽东/李敏著/王桂苡执笔.-沈阳:辽宁人民出版社,2000 |
| 429页:照片;20cm.-(父辈丛书) |
| ISBN 7-205-03878-2:CNY24.80 |
| ● |
| 相关链接 |
|
|
|
|
正题名:我的父亲毛泽东
索取号:A752/106
 
预约/预借
| 序号 | 登录号 | 条形码 | 馆藏地/架位号 | 状态 | 备注 |
| 1 | 0326604 | 203266045 | 第一借阅区/ [索取号:A752/106] | 在馆 | |
| 2 | 0326605 | 203266054 | 第一借阅区/ [索取号:A752/106] | 在馆 | |
| 3 | 0326606 | 203266063 | 第一借阅区/ [索取号:A752/106] | 在馆 | |
| 4 | 0326607 | 203266072 | 第一借阅区/ [索取号:A752/106] | 在馆 | |
| 5 | 0326608 | 203266081 | 第一样本阅览室/ [索取号:A752/106] | 在馆 |